Normal view
MARC view
Entry Personal Name
001 - CONTROL NUMBER
- control field: 57091
003 - CONTROL NUMBER IDENTIFIER
- control field: dpl
005 - DATE AND TIME OF LATEST TRANSACTION
- control field: 20230920124128.0
008 - FIXED-LENGTH DATA ELEMENTS
- fixed length control field: 230920|| aca||aabn | a|a d
040 ## - CATALOGING SOURCE
- Original cataloging agency: dpl
- Transcribing agency: dpl
100 ## - HEADING--PERSONAL NAME
- Personal name: Patra, P. Santosh Kumar
670 ## - SOURCE DATA FOUND
- Source citation: Work cat.: (dpl)198343: Patra, P. Santosh Kumar, Data Communication and Computer Networks /, 2022
